| 000 | 01237cam a2200301 a 4500 | ||
|---|---|---|---|
| 001 | 14683318 | ||
| 003 | ARRUPE | ||
| 005 | 20131125175624.0 | ||
| 008 | 061229s2006 miua b 001 0 eng | ||
| 010 | _a 2006103516 | ||
| 020 | _a9780802840455 (cloth : alk. paper) | ||
| 040 |
_aDLC _cDLC _dDLC |
||
| 050 | 0 | 0 |
_aBV4810 _b.M595 2006 |
| 245 | 0 | 4 |
_aThe monastic way / _cedited by Hannah Ward and Jennifer Wild. |
| 246 | 1 |
_iSubtitle on cover: _aancient wisdom for contemporary living : a book of daily readings |
|
| 260 |
_aGrand Rapids, Mich. : _bWilliam B. Eerdmans Pub. Co., _c2006. |
||
| 300 |
_axi, 242 p. : _bill. ; _c22 cm. |
||
| 504 | _aIncludes bibliographical references (p. [215]-235) and index. | ||
| 650 | 0 |
_aDevotional calendars. _93751 |
|
| 650 | 0 |
_aChristian life. _93752 |
|
| 650 | 0 |
_aMonastic and religious life. _93753 |
|
| 700 | 1 |
_aWard, Hannah. _93754 |
|
| 700 | 1 |
_aWild, Jennifer. _93755 |
|
| 856 | 4 | 1 |
_3Table of contents only _uhttp://www.loc.gov/catdir/toc/ecip077/2006103516.html |
| 906 |
_a7 _bcbc _corignew _d1 _eecip _f20 _gy-gencatlg |
||
| 942 |
_2lcc _cMONOGRAPH |
||
| 999 |
_c118662 _d118662 |
||